RED BIRDS

Bibliographic Details
Main Author: Mohammed Hanif
Format: Book
Published: London : Bloomsbury Publishing 2019
Subjects:

MARC

LEADER 00000cam a2200000 7i4500
001 0000278448
005 20210614171435.0
006 a# ###### ###
007 t
008 210614 xxk# ###
020 |a 9781408897164 
090 0 |a F   |b MOH 
100 1 |a Mohammed Hanif 
245 1 0 |a RED BIRDS   |c Mohammed Hanif 
264 1 |a London :   |b Bloomsbury Publishing   |c 2019 
264 4 |c ©2018 
300 |a 283 pages ;   |c 20 cm. 
336 |a text  |2 rdacontent 
337 |a unmediated  |2 rdamedia 
338 |a volume  |2 rdacarrier 
650 0 |a Fiction 
999 |a 00385810   |b BUKU   |c PINJAMAN   |e PERPUSTAKAAN KOMUNITI PETALING JAYA 
999 |a 00392114   |b BUKU   |c PINJAMAN   |e PERPUSTAKAAN KOMUNITI CAW BANDAR UTAMA